000
00193nam a2200085 4500
001
1257569
005
20260217103854.0
245
_a
akıllı pireler
_c
gülten dayıoğlu
260
_b
altın kitaplar
999
_c
1257569
_d
1257569